[Event "Titled Tuesday intern op 20th Dec Early"]
[Site "Chess.com INT"]
[Date "2022.12.20"]
[Round "3"]
[White "Haddouche, Mohamed Amine"]
[Black "Vifleemskaia, Svetlana"]
[Result "0-1"]
[WhiteElo "2490"]
[BlackElo "1947"]
[PlyCount "120"]
[EventDate "2022.12.20"]
[EventType "swiss (blitz)"]
[EventRounds "11"]
[EventCountry "USA"]
[SourceTitle "EXT 2024"]
[Source "ChessBase"]
[SourceDate "2023.10.10"]
[SourceVersion "1"]
[SourceVersionDate "2023.10.10"]
[SourceQuality "1"]

1. e4 e5 2. Nf3 Nc6 3. Bc4 Nf6 4. d3 Be7 5. 0-0 0-0 6. Re1 a6 7. c3 d5 8. exd5 Nxd5 9. Nxe5 Nxe5 10. Rxe5 Nb6 11. Bb3 Bd6 12. Re1 Qh4 13. g3 Qh3 14. Qf3 Bg4 15. Qg2 Qh5 16. Nd2 Rae8 17. Re4 Bf5 18. Nf1 Bxe4 19. dxe4 Bc5 20. Be3 Re7 21. f4 Rd8 22. e5 Bxe3+ 23. Nxe3 c6 24. Re1 g6 25. h3 Kf8 26. Ng4 Qf5 27. Bc2 Qe6 28. Nf6 h6 29. Qf2 Qxh3 30. f5 Nd5 31. fxg6 Nxf6 32. exf6 Re6 33. Rxe6 Qxe6 34. Bb3 Qg4 35. Bxf7 Qd1+ 36. Kg2 Rd2 37. Bb3 Rxf2+ 38. Kxf2 Qd2+ 39. Kg1 Qe1+ 40. Kg2 Qe2+ 41. Kg1 Qe3+ 42. Kg2 Qe4+ 43. Kh2 Qxg6 44. f7 Qb1 45. Kh3 Qxb2 46. Kg4 Qxc3 47. Kf5 Qg7 48. Ke6 Qd4 49. Kf5 Qe3 50. Kg4 Qg5+ 51. Kf3 b5 52. g4 c5 53. Be6 c4 54. Ke4 c3 55. Kd3 Qc5 56. Ke4 c2 57. Bb3 c1Q 58. Kf3 Q1e3+ 59. Kg2 Qc6+ 60. Kf1 Qcf3# 0-1

[Event "Titled Tuesday intern op 13th Dec Early"]
[Site "Chess.com INT"]
[Date "2022.12.13"]
[Round "6"]
[White "Haddouche, Mohamed Amine"]
[Black "Jaskolka, Tomasz"]
[Result "1-0"]
[WhiteElo "2490"]
[BlackElo "2188"]
[PlyCount "63"]
[EventDate "2022.12.13"]
[EventType "swiss (blitz)"]
[EventRounds "11"]
[EventCountry "USA"]
[SourceTitle "EXT 2024"]
[Source "ChessBase"]
[SourceDate "2023.10.10"]
[SourceVersion "1"]
[SourceVersionDate "2023.10.10"]
[SourceQuality "1"]

1. e4 c5 2. Nf3 e6 3. Nc3 Nc6 4. d4 cxd4 5. Nxd4 Qc7 6. a3 a6 7. Be3 Nf6 8. f4 d6 9. g4 h5 10. g5 Ng4 11. Bg1 Nxd4 12. Bxd4 e5 13. Nd5 Qc6 14. Bb6 exf4 15. Nc7+ Kd7 16. Nxa8 Qxe4+ 17. Qe2 Qxh1 18. 0-0-0 Qxh2 19. Qc4 Be7 20. Qc7+ Ke6 21. Bc4+ Kf5 22. Qxe7 Be6 23. Bd3+ Ke5 24. Nc7 Ne3 25. Nxe6 fxe6 26. Qxg7+ Kd5 27. c4+ Nxc4 28. Bxc4+ Kxc4 29. Qc7+ Kb5 30. a4+ Kb4 31. Qc3+ Kxa4 32. Qc4# 1-0

[Event "Titled Tuesday intern op 13th Dec Early"]
[Site "Chess.com INT"]
[Date "2022.12.13"]
[Round "7"]
[White "Haddouche, Mohamed Amine"]
[Black "Salinas Herrera, Pablo Patricio"]
[Result "0-1"]
[WhiteElo "2490"]
[BlackElo "2514"]
[PlyCount "92"]
[EventDate "2022.12.13"]
[EventType "swiss (blitz)"]
[EventRounds "11"]
[EventCountry "USA"]
[SourceTitle "EXT 2024"]
[Source "ChessBase"]
[SourceDate "2023.10.10"]
[SourceVersion "1"]
[SourceVersionDate "2023.10.10"]
[SourceQuality "1"]

1. e4 c5 2. Nf3 e6 3. Nc3 a6 4. g3 d6 5. Bg2 Nc6 6. 0-0 Be7 7. d4 cxd4 8. Nxd4 Bd7 9. a4 Nf6 10. Nb3 Na5 11. Nxa5 Qxa5 12. Bd2 Qc7 13. a5 0-0 14. Na4 Bc6 15. Nb6 Rad8 16. Qe2 d5 17. Bf4 e5 18. exd5 exf4 19. dxc6 fxg3 20. hxg3 bxc6 21. Qc4 Qe5 22. Rae1 Qxa5 23. Qxc6 Bc5 24. Nc4 Qb4 25. b3 h5 26. Re5 Bd4 27. Rg5 g6 28. Qxa6 Kg7 29. Qb7 Qc3 30. Be4 Rd7 31. Qc6 Re8 32. Bd3 Re6 33. Qf3 Rde7 34. Kg2 Ng4 35. Rxg4 hxg4 36. Qxg4 Re1 37. Rxe1 Rxe1 38. Nd6 Be5 39. Ne4 Qa1 40. Qf3 Rg1+ 41. Kh2 Re1 42. Ng5 Bf6 43. Ne4 Be7 44. Bc4 f5 45. Nc3 Qa7 46. Nd5 Qd4 0-1

[Event "Titled Tuesday intern op 08th Feb Early"]
[Site "Chess.com INT"]
[Date "2022.02.08"]
[Round "3"]
[White "Haddouche, Mohamed Amine"]
[Black "Aaditya, Dhingra"]
[Result "1-0"]
[WhiteElo "2483"]
[BlackElo "2176"]
[PlyCount "109"]
[EventDate "2022.02.08"]
[EventType "swiss (blitz)"]
[EventRounds "11"]
[EventCountry "USA"]
[SourceTitle "CBM 206 Extra"]
[Source "ChessBase"]
[SourceDate "2022.03.31"]
[SourceVersion "1"]
[SourceVersionDate "2022.03.31"]
[SourceQuality "1"]

1. e4 c6 2. d4 d5 3. e5 c5 4. dxc5 Nc6 5. Nf3 e6 6. Be3 Nge7 7. Bb5 Nf5 8. Bd4 Nfxd4 9. Qxd4 Qa5+ 10. Nc3 Qxb5 11. Nxb5 Nxd4 12. Nfxd4 Bxc5 13. c3 0-0 14. Nb3 Be7 15. 0-0 Bd7 16. N5d4 a5 17. a3 a4 18. Nd2 Ra6 19. Rfe1 Rb6 20. Rab1 Rc8 21. N2f3 f6 22. Kf1 f5 23. h4 f4 24. Nc2 h6 25. Ke2 Bb5+ 26. Kd2 Be8 27. Nb4 Bg6 28. Rbc1 Bh5 29. Nd4 Rc4 30. Nd3 Bg6 31. Nb4 Bxb4 32. axb4 Rbxb4 33. cxb4 Rxd4+ 34. Ke2 Bd3+ 35. Kf3 Rxb4 36. Rc8+ Kh7 37. h5 Be4+ 38. Kg4 Bf5+ 39. Kf3 Rxb2 40. Rec1 a3 41. Ra8 Be4+ 42. Kg4 Bc2 43. Rxa3 b5 44. Rc3 Bf5+ 45. Kxf4 b4 46. Rc7 Rxf2+ 47. Kg3 Re2 48. Rb7 Rxe5 49. Rcc7 Be4 50. Rxg7+ Kh8 51. Rgc7 Rg5+ 52. Kf4 Rf5+ 53. Ke3 Kg8 54. Kd4 Bxg2 55. Kc5 1-0

[Event "Titled Tuesday intern op 08th Feb Early"]
[Site "Chess.com INT"]
[Date "2022.02.08"]
[Round "9"]
[White "Hamley, Ryan"]
[Black "Haddouche, Mohamed Amine"]
[Result "0-1"]
[WhiteElo "2077"]
[BlackElo "2483"]
[PlyCount "98"]
[EventDate "2022.02.08"]
[EventType "swiss (blitz)"]
[EventRounds "11"]
[EventCountry "USA"]
[SourceTitle "CBM 206 Extra"]
[Source "ChessBase"]
[SourceDate "2022.03.31"]
[SourceVersion "1"]
[SourceVersionDate "2022.03.31"]
[SourceQuality "1"]

1. d4 Nf6 2. c4 g6 3. Nc3 Bg7 4. e4 d6 5. h3 0-0 6. Be3 c6 7. g4 a6 8. a4 a5 9. Nge2 Na6 10. Ng3 e5 11. d5 Nc5 12. Be2 Qb6 13. Rb1 Bd7 14. dxc6 Bxc6 15. Qxd6 Nfd7 16. Nd5 Qa7 17. 0-0 Rfd8 18. Rfd1 Bf8 19. Bxc5 Qxc5 20. Qxc5 Nxc5 21. b3 Ne6 22. Bf1 Bc5 23. Ne2 Kg7 24. Bg2 Rh8 25. h4 h5 26. g5 Rhd8 27. Nf6 Be7 28. Nd5 Bf8 29. Kf1 Nc5 30. f3 Ne6 31. Bh3 Bc5 32. Bxe6 fxe6 33. Nc7 Kf7 34. Nxa8 Rxa8 35. Kg2 Ke7 36. Rd3 Rf8 37. Rbd1 b6 38. Nc3 Rc8 39. Nb5 Rf8 40. Kf1 Rf7 41. Ke2 Rf4 42. Rd8 Rxh4 43. Rh8 Rh2+ 44. Kf1 Rh1+ 45. Ke2 Rh3 46. Rh7+ Ke8 47. Nd6+ Kf8 48. Nc8 Rh2+ 49. Kf1 Bd4 0-1

[Event "Titled Tuesday intern op 08th Feb Early"]
[Site "Chess.com INT"]
[Date "2022.02.08"]
[Round "1"]
[White "Jaivardhan, Raja Pilla"]
[Black "Haddouche, Mohamed Amine"]
[Result "0-1"]
[WhiteElo "2006"]
[BlackElo "2483"]
[PlyCount "130"]
[EventDate "2022.02.08"]
[EventType "swiss (blitz)"]
[EventRounds "11"]
[EventCountry "USA"]
[SourceTitle "CBM 206 Extra"]
[Source "ChessBase"]
[SourceDate "2022.03.31"]
[SourceVersion "1"]
[SourceVersionDate "2022.03.31"]
[SourceQuality "1"]

1. e4 e5 2. d4 exd4 3. Qxd4 Nc6 4. Qe3 Nf6 5. Nc3 Bb4 6. Bd2 0-0 7. 0-0-0 Re8 8. f3 d5 9. Qf2 d4 10. Nb5 Bc5 11. Bf4 Nh5 12. Bxc7 Qe7 13. g4 a6 14. Bd6 Bxd6 15. Nxd6 Qxd6 16. gxh5 Be6 17. a3 b5 18. Bh3 b4 19. a4 b3 20. c3 Qc5 21. Bxe6 fxe6 22. Ne2 e5 23. Rhg1 Re7 24. h6 g6 25. Qh4 Qc4 26. Kd2 Rf8 27. Rg3 Rd7 28. Ke1 Rdf7 29. Kf2 dxc3 30. Nxc3 Nd4 31. Qg4 Nxf3 32. Rxf3 Rxf3+ 33. Qxf3 Rxf3+ 34. Kxf3 Qf7+ 35. Ke2 Qe7 36. Nd5 Qh4 37. Ne3 Qxe4 38. Rd8+ Kf7 39. Rd7+ Kf6 40. Rxh7 Kg5 41. Rh8 Qh4 42. h7 Qxh2+ 43. Kd3 e4+ 44. Kxe4 Qf4+ 45. Kd3 Qd6+ 46. Ke2 Qe7 47. Kd3 Qg7 48. Rd8 Qxh7 49. Rd5+ Kh4 50. Rd4+ Kg3 51. Rg4+ Kf3 52. Rg5 Qg7 53. Nd5 Qxb2 54. Nc3 Qc2+ 55. Kc4 b2 56. Rxg6 b1Q 57. Rf6+ Kg4 58. Rf4+ Kxf4 59. Kd4 Qb4+ 60. Kd5 Qcxc3 61. Ke6 Qcc5 62. Kf7 Qb7+ 63. Kg6 Qbb6+ 64. Kg7 Qcc7+ 65. Kg8 Qbb8# 0-1

[Event "Titled Tuesday intern op 23rd Feb"]
[Site "Chess.com INT"]
[Date "2021.02.23"]
[Round "9"]
[White "Balaji, Aaravamudhan"]
[Black "Haddouche, Mohamed Amine"]
[Result "1-0"]
[WhiteElo "2206"]
[BlackElo "2483"]
[PlyCount "53"]
[EventDate "2021.02.23"]
[EventType "swiss (blitz)"]
[EventRounds "11"]
[EventCountry "USA"]
[SourceTitle "CBM 200 Extra"]
[Source "ChessBase"]
[SourceDate "2021.03.31"]
[SourceVersion "1"]
[SourceVersionDate "2021.03.31"]
[SourceQuality "1"]

1. d4 Nf6 2. c4 d6 3. Nc3 g6 4. e4 Bg7 5. Be2 0-0 6. Be3 e5 7. d5 Na6 8. g4 Nc5 9. Bf3 c6 10. g5 Nfd7 11. h4 cxd5 12. cxd5 a5 13. h5 b5 14. Nxb5 Ba6 15. a4 Rb8 16. Kf1 Nxa4 17. Be2 Bxb5 18. Bxb5 Rxb5 19. Qxa4 Rxb2 20. Qxa5 Qxa5 21. Rxa5 Rb4 22. Ra7 Nc5 23. f3 Nd3 24. Ne2 Rc8 25. Ra3 Nb2 26. Bd2 Rb5 27. Rc3 1-0

[Event "Titled Tuesday intern op 23rd Feb"]
[Site "Chess.com INT"]
[Date "2021.02.23"]
[Round "1"]
[White "Haddouche, Mohamed Amine"]
[Black "Estrada Nieto, Julian"]
[Result "1-0"]
[WhiteElo "2483"]
[BlackElo "2280"]
[PlyCount "85"]
[EventDate "2021.02.23"]
[EventType "swiss (blitz)"]
[EventRounds "11"]
[EventCountry "USA"]
[SourceTitle "CBM 200 Extra"]
[Source "ChessBase"]
[SourceDate "2021.03.31"]
[SourceVersion "1"]
[SourceVersionDate "2021.03.31"]
[SourceQuality "1"]

1. e4 e5 2. Nf3 Nc6 3. Bc4 Bc5 4. d3 d6 5. 0-0 Nf6 6. c3 a6 7. Bb3 Ba7 8. Nbd2 0-0 9. h3 h6 10. Re1 Re8 11. Nf1 Be6 12. N3h2 d5 13. Qf3 d4 14. Ng3 Nh7 15. Nf5 Kh8 16. Qg3 Qf6 17. Ng4 Qg6 18. Nh4 Qh5 19. Bd1 g5 20. Nf5 Bxf5 21. exf5 Qh4 22. Qxh4 gxh4 23. Nxh6 Kg7 24. Ng4 f6 25. Bh6+ Kh8 26. Bf3 Rad8 27. c4 Bc5 28. a3 a5 29. Bd2 a4 30. Be4 Kg7 31. Re2 Rd6 32. Rae1 Nd8 33. f4 Nf7 34. fxe5 Nxe5 35. Nxe5 Rxe5 36. Bf4 Ng5 37. Bxe5 fxe5 38. Bxb7 Kf6 39. Rxe5 Rb6 40. Rxc5 Rxb7 41. Rc6+ Kxf5 42. Rf1+ Ke5 43. Rc5+ 1-0

[Event "Titled Tuesday intern op 23rd Feb"]
[Site "Chess.com INT"]
[Date "2021.02.23"]
[Round "5"]
[White "Haddouche, Mohamed Amine"]
[Black "Ljukin, Sergei"]
[Result "1-0"]
[WhiteElo "2483"]
[BlackElo "2362"]
[PlyCount "53"]
[EventDate "2021.02.23"]
[EventType "swiss (blitz)"]
[EventRounds "11"]
[EventCountry "USA"]
[SourceTitle "CBM 200 Extra"]
[Source "ChessBase"]
[SourceDate "2021.03.31"]
[SourceVersion "1"]
[SourceVersionDate "2021.03.31"]
[SourceQuality "1"]

1. e4 e6 2. d3 d5 3. Qe2 Be7 4. Nf3 Nf6 5. g3 0-0 6. Bg2 c5 7. 0-0 Nc6 8. e5 Nd7 9. c4 a6 10. Bf4 b5 11. Nc3 bxc4 12. dxc4 d4 13. Ne4 Bb7 14. h4 f6 15. exf6 gxf6 16. Nd6 Bxd6 17. Qxe6+ Rf7 18. Bxd6 Nf8 19. Qd5 Nb4 20. Qxc5 Nc2 21. Rac1 Rc8 22. Qf5 Qxd6 23. Qxc2 d3 24. Qd2 Rd7 25. Rfe1 Rcd8 26. c5 Qd5 27. Re3 1-0

[Event "Titled Tuesday intern op 23rd Feb"]
[Site "Chess.com INT"]
[Date "2021.02.23"]
[Round "7"]
[White "Haddouche, Mohamed Amine"]
[Black "Swicarz, Maciej"]
[Result "1-0"]
[WhiteElo "2483"]
[BlackElo "2341"]
[PlyCount "119"]
[EventDate "2021.02.23"]
[EventType "swiss (blitz)"]
[EventRounds "11"]
[EventCountry "USA"]
[SourceTitle "CBM 200 Extra"]
[Source "ChessBase"]
[SourceDate "2021.03.31"]
[SourceVersion "1"]
[SourceVersionDate "2021.03.31"]
[SourceQuality "1"]

1. e4 c6 2. d4 d5 3. e5 c5 4. dxc5 e6 5. Be3 Nh6 6. c3 Nf5 7. Bd4 Bd7 8. Nf3 Nc6 9. Bd3 Nfxd4 10. cxd4 b6 11. 0-0 bxc5 12. dxc5 Bxc5 13. Nbd2 Nd4 14. Rc1 Qb6 15. Nxd4 Bxd4 16. Nf3 Bc5 17. Qd2 Rc8 18. Rc2 0-0 19. Rfc1 Be7 20. Rxc8 Bxc8 21. h3 g6 22. h4 Ba6 23. Bb1 Rc8 24. Rxc8+ Bxc8 25. h5 Qb4 26. Qh6 Qxb2 27. Bd3 Qc3 28. Qe3 Bc5 29. Qe2 Be7 30. g3 Bb7 31. Kg2 d4 32. Be4 Bxe4 33. Qxe4 d3 34. h6 d2 35. Qa8+ Bf8 36. Qd8 d1Q 37. Qxd1 Bxh6 38. Qd8+ Bf8 39. Qf6 Qc6 40. Kg1 Qe4 41. Qxf7+ Kxf7 42. Ng5+ Ke7 43. Nxe4 Bg7 44. f4 h6 45. Kf2 g5 46. Ke3 gxf4+ 47. Kxf4 Bf8 48. Nf6 Kf7 49. g4 Bg7 50. Ne4 Bf8 51. a4 Ke7 52. Nd6 Kd7 53. Ne4 Kc6 54. Nf6 Be7 55. Ng8 Bd8 56. Nxh6 Kd5 57. Nf7 Bc7 58. g5 Ba5 59. g6 Bd2+ 60. Kg4 1-0

[Event "Titled Tuesday intern op 23rd Feb"]
[Site "Chess.com INT"]
[Date "2021.02.23"]
[Round "2"]
[White "Seletsky, Grigory"]
[Black "Haddouche, Mohamed Amine"]
[Result "1-0"]
[WhiteElo "2272"]
[BlackElo "2483"]
[PlyCount "95"]
[EventDate "2021.02.23"]
[EventType "swiss (blitz)"]
[EventRounds "11"]
[EventCountry "USA"]
[SourceTitle "CBM 200 Extra"]
[Source "ChessBase"]
[SourceDate "2021.03.31"]
[SourceVersion "1"]
[SourceVersionDate "2021.03.31"]
[SourceQuality "1"]

1. e4 e5 2. Nf3 Nc6 3. Bc4 Nf6 4. d3 Be7 5. Nc3 d6 6. h3 0-0 7. 0-0 Nd7 8. Nd5 Nb6 9. Nxb6 axb6 10. Bd2 Kh8 11. Nh2 f5 12. f4 fxe4 13. dxe4 exf4 14. Rxf4 Rxf4 15. Bxf4 Bf6 16. c3 Qe7 17. Qd5 Bd7 18. Nf3 Na5 19. Re1 Nxc4 20. Qxc4 Qe6 21. Qxe6 Bxe6 22. a3 Kg8 23. e5 dxe5 24. Bxe5 Bxe5 25. Rxe5 Re8 26. Nd4 Kf7 27. Kf2 Kf6 28. Rxe6+ Rxe6 29. Nxe6 Kxe6 30. Ke3 Kd5 31. Kd3 b5 32. b3 g6 33. g3 h6 34. c4+ bxc4+ 35. bxc4+ Kc5 36. Kc3 c6 37. a4 b6 38. h4 h5 39. Kb3 b5 40. cxb5 cxb5 41. a5 b4 42. a6 Kb6 43. Kxb4 Kxa6 44. Kc5 Kb7 45. Kd6 Kc8 46. Ke6 Kd8 47. Kf6 g5 48. Kxg5 1-0

[Event "Titled Tuesday intern op 23rd Feb"]
[Site "Chess.com INT"]
[Date "2021.02.23"]
[Round "6"]
[White "Urjubdshzirov, Erdni"]
[Black "Haddouche, Mohamed Amine"]
[Result "0-1"]
[WhiteElo "2295"]
[BlackElo "2483"]
[PlyCount "100"]
[EventDate "2021.02.23"]
[EventType "swiss (blitz)"]
[EventRounds "11"]
[EventCountry "USA"]
[SourceTitle "CBM 200 Extra"]
[Source "ChessBase"]
[SourceDate "2021.03.31"]
[SourceVersion "1"]
[SourceVersionDate "2021.03.31"]
[SourceQuality "1"]

1. d4 Nf6 2. Nf3 d6 3. e3 g6 4. c4 Bg7 5. Nc3 0-0 6. Be2 Nbd7 7. 0-0 e5 8. b3 e4 9. Nd2 Re8 10. Qc2 Qe7 11. h3 h5 12. f4 exf3 13. Rxf3 Nf8 14. Bd3 N8h7 15. Nf1 Ng5 16. Rg3 Nge4 17. Nxe4 Nxe4 18. Bxe4 Qxe4 19. Qxe4 Rxe4 20. Bb2 Bf5 21. Rd1 Rae8 22. Bc1 c6 23. Rf3 h4 24. Kf2 a5 25. g4 Bd7 26. Rf4 a4 27. Rxe4 Rxe4 28. Nd2 Re8 29. Nf3 Bf6 30. Ba3 Be7 31. d5 c5 32. Bb2 b5 33. bxa4 b4 34. Nd2 Ra8 35. Ne4 Rxa4 36. Bf6 Rxa2+ 37. Kf3 Bf8 38. Bxh4 Ba4 39. Rd2 Rxd2 40. Nxd2 Bc2 41. Bf6 Bg7 42. Bxg7 Kxg7 43. Ne4 b3 44. Nc3 b2 45. e4 b1Q 46. Nxb1 Bxb1 47. Ke3 Kf6 48. h4 Ke5 49. h5 gxh5 50. gxh5 Bxe4 0-1

[Event "Titled Tuesday intern op 15st Dec"]
[Site "Chess.com INT"]
[Date "2020.12.15"]
[Round "2"]
[White "Manukian, Artak"]
[Black "Haddouche, Mohamed Amine"]
[Result "1-0"]
[WhiteElo "2196"]
[BlackElo "2483"]
[PlyCount "101"]
[EventDate "2020.12.15"]
[EventType "swiss (blitz)"]
[EventRounds "11"]
[EventCountry "USA"]
[SourceTitle "CBM 199 Extra"]
[Source "ChessBase"]
[SourceDate "2021.01.31"]
[SourceVersion "1"]
[SourceVersionDate "2021.01.31"]
[SourceQuality "1"]

1. e4 e5 2. Nf3 Nc6 3. d4 exd4 4. Nxd4 Qf6 5. Nxc6 Bc5 6. Qf3 dxc6 7. Bc4 Qg6 8. Nc3 Nf6 9. h3 Bd4 10. 0-0 0-0 11. Bd3 Be5 12. Bf4 Nd7 13. Rae1 Re8 14. Kh2 Qf6 15. Bxe5 Qxf3 16. gxf3 Nxe5 17. f4 Ng6 18. Kg3 f6 19. h4 Nf8 20. f5 g6 21. fxg6 hxg6 22. f4 Be6 23. f5 gxf5 24. exf5 Bd5 25. Kf2 Kf7 26. Be2 Kg7 27. Bh5 Rxe1 28. Rxe1 Kh6 29. Re8 Rxe8 30. Bxe8 Kg7 31. Ke3 Nh7 32. Nxd5 cxd5 33. Kd4 c6 34. Kc5 Kf8 35. Bg6 Kg7 36. Bxh7 Kxh7 37. Kd6 Kg7 38. Kc7 c5 39. Kd6 Kh6 40. Kxc5 Kh5 41. Kxd5 Kxh4 42. Ke6 Kg5 43. c4 a5 44. b3 b6 45. a3 Kf4 46. b4 axb4 47. axb4 Ke4 48. Kxf6 Kd4 49. c5 bxc5 50. bxc5 Kxc5 51. Ke7 1-0

[Event "Titled Tuesday intern op 24th Nov"]
[Site "Chess.com INT"]
[Date "2020.11.24"]
[Round "6"]
[White "Haddouche, Mohamed Amine"]
[Black "Dvirnyy, Danyyil"]
[Result "1-0"]
[WhiteElo "2483"]
[BlackElo "2485"]
[PlyCount "141"]
[EventDate "2020.11.24"]
[EventType "swiss (blitz)"]
[EventRounds "11"]
[EventCountry "USA"]
[SourceTitle "CBM 199 Extra"]
[Source "ChessBase"]
[SourceDate "2021.01.31"]
[SourceVersion "1"]
[SourceVersionDate "2021.01.31"]
[SourceQuality "1"]

1. e4 c6 2. d4 d5 3. e5 Bf5 4. h4 h5 5. c4 e6 6. Nc3 Ne7 7. Nge2 Nd7 8. Ng3 Bg6 9. Bg5 Qb6 10. Qb3 dxc4 11. Bxc4 Qxb3 12. Bxb3 Nf5 13. Nxf5 Bxf5 14. 0-0-0 Be7 15. Be3 Nb6 16. Bc2 Bxc2 17. Kxc2 0-0-0 18. Bg5 f6 19. exf6 gxf6 20. Bc1 Rhg8 21. g3 Rg4 22. Bf4 Nd5 23. Nxd5 cxd5 24. Rhe1 Kd7 25. Kd3 Rc8 26. Rc1 Rc6 27. f3 Rg8 28. Rg1 f5 29. Rxc6 bxc6 30. Rc1 a5 31. Rc3 a4 32. b3 a3 33. Ke3 Bb4 34. Rc2 Rg7 35. Be5 Rg8 36. Bf4 Be7 37. Be5 Bf8 38. Bf4 Bb4 39. Be5 Ba5 40. Bf4 Bb6 41. Kd3 Bc7 42. Ke3 Bd8 43. Kd3 Bf6 44. Rc5 Ra8 45. Rc2 Be7 46. Rg2 c5 47. dxc5 Bxc5 48. g4 fxg4 49. fxg4 Rg8 50. g5 Bd6 51. Bxd6 Kxd6 52. Rf2 e5 53. Rf6+ Kc5 54. Rh6 e4+ 55. Ke3 Rf8 56. Rxh5 Rf3+ 57. Ke2 Rg3 58. Kf2 Rxb3 59. g6 Rb2+ 60. Kg3 Rb8 61. g7 Rg8 62. Rg5 Kd4 63. h5 e3 64. h6 Kc3 65. h7 e2 66. Kf2 Re8 67. Ke1 Kd3 68. g8Q Re4 69. Qxd5+ Ke3 70. Qxe4+ Kxe4 71. Kxe2 1-0

[Event "Titled Tuesday intern op 24th Nov"]
[Site "Chess.com INT"]
[Date "2020.11.24"]
[Round "3"]
[White "Haddouche, Mohamed Amine"]
[Black "Pantsulaia, Levan"]
[Result "0-1"]
[WhiteElo "2483"]
[BlackElo "2553"]
[PlyCount "54"]
[EventDate "2020.11.24"]
[EventType "swiss (blitz)"]
[EventRounds "11"]
[EventCountry "USA"]
[SourceTitle "CBM 199 Extra"]
[Source "ChessBase"]
[SourceDate "2021.01.31"]
[SourceVersion "1"]
[SourceVersionDate "2021.01.31"]
[SourceQuality "1"]

1. e4 c5 2. Nf3 e6 3. Nc3 a6 4. g3 b5 5. Bg2 Bb7 6. d4 cxd4 7. Nxd4 Nf6 8. Qe2 d6 9. 0-0 Nbd7 10. a4 b4 11. Na2 Qb6 12. Be3 Nc5 13. Nb3 a5 14. Rfd1 Rc8 15. c3 Nfd7 16. cxb4 axb4 17. Nd4 Ba6 18. Qe1 Nd3 19. Rxd3 Bxd3 20. Nxb4 Nc5 21. a5 Qb8 22. Nbc6 Qa8 23. b4 Bxe4 24. Bxe4 Nxe4 25. b5 d5 26. b6 Bc5 27. Qb1 Qb7 0-1

[Event "Titled Tuesday intern op 24th Nov"]
[Site "Chess.com INT"]
[Date "2020.11.24"]
[Round "4"]
[White "Kiolbasa, Oliwia"]
[Black "Haddouche, Mohamed Amine"]
[Result "0-1"]
[WhiteElo "2260"]
[BlackElo "2483"]
[PlyCount "67"]
[EventDate "2020.11.24"]
[EventType "swiss (blitz)"]
[EventRounds "11"]
[EventCountry "USA"]
[SourceTitle "CBM 199 Extra"]
[Source "ChessBase"]
[SourceDate "2021.01.31"]
[SourceVersion "1"]
[SourceVersionDate "2021.01.31"]
[SourceQuality "1"]

1. e4 e5 2. Nf3 Nc6 3. Bb5 a6 4. Ba4 d6 5. 0-0 Bd7 6. c3 Nf6 7. Re1 g6 8. d4 Bg7 9. d5 Nb8 10. c4 0-0 11. Nc3 a5 12. Bxd7 Nbxd7 13. h3 Nh5 14. Rb1 Nf4 15. Na4 b6 16. a3 f5 17. b4 axb4 18. axb4 fxe4 19. Rxe4 Qf6 20. Nh2 Qf5 21. Nc3 Nf6 22. Re3 g5 23. Ng4 Nd7 24. Re1 h5 25. Ne3 Qg6 26. Rf1 e4 27. Ne2 Ne5 28. Nd4 g4 29. hxg4 hxg4 30. Rb3 Nf3+ 31. gxf3 gxf3+ 32. Kh2 Qh5+ 33. Kg1 Nh3+ 34. Kh2 0-1

[Event "Titled Tuesday intern op 24th Nov"]
[Site "Chess.com INT"]
[Date "2020.11.24"]
[Round "7"]
[White "Quparadze, Giga"]
[Black "Haddouche, Mohamed Amine"]
[Result "1-0"]
[WhiteElo "2463"]
[BlackElo "2483"]
[PlyCount "61"]
[EventDate "2020.11.24"]
[EventType "swiss (blitz)"]
[EventRounds "11"]
[EventCountry "USA"]
[SourceTitle "CBM 199 Extra"]
[Source "ChessBase"]
[SourceDate "2021.01.31"]
[SourceVersion "1"]
[SourceVersionDate "2021.01.31"]
[SourceQuality "1"]

1. e4 e5 2. Nf3 Nc6 3. Bb5 a6 4. Ba4 Nf6 5. 0-0 Be7 6. Re1 b5 7. Bb3 d6 8. c3 0-0 9. h3 Nb8 10. d4 Nbd7 11. a4 Bb7 12. Nbd2 Re8 13. Ng5 Rf8 14. Ba2 c5 15. Ngf3 Re8 16. axb5 axb5 17. Qb3 c4 18. Qxb5 Ba6 19. Qa4 Nb6 20. Qd1 Bf8 21. b3 cxb3 22. Qxb3 Qc7 23. Ng5 Re7 24. Rb1 Nbd7 25. Ba3 Bd3 26. Nxf7 Rb8 27. Bb4 Bxb1 28. Rxb1 d5 29. Ng5 h6 30. exd5 Kh8 31. d6 1-0

[Event "Titled Tuesday intern op 17th Nov"]
[Site "Chess.com INT"]
[Date "2020.11.17"]
[Round "5"]
[White "Migot, Tangi"]
[Black "Haddouche, Mohamed Amine"]
[Result "0-1"]
[WhiteElo "2353"]
[BlackElo "2483"]
[PlyCount "58"]
[EventDate "2020.11.17"]
[EventType "swiss (blitz)"]
[EventRounds "11"]
[EventCountry "USA"]
[SourceTitle "CBM 199 Extra"]
[Source "ChessBase"]
[SourceDate "2021.01.31"]
[SourceVersion "1"]
[SourceVersionDate "2021.01.31"]
[SourceQuality "1"]

1. e4 e5 2. Nf3 Nc6 3. Nc3 Nf6 4. d4 exd4 5. Nxd4 Bb4 6. Nxc6 bxc6 7. Bd3 d5 8. Bd2 0-0 9. 0-0 h6 10. Nxd5 Nxd5 11. exd5 Bxd2 12. Qxd2 cxd5 13. Rfd1 Be6 14. b3 Qd6 15. Rac1 c5 16. c4 d4 17. Be4 Rad8 18. a3 Rb8 19. Rb1 Rfe8 20. Bf3 Bf5 21. Rb2 d3 22. b4 Qd4 23. Rc1 Re5 24. b5 Rbe8 25. Rb3 Re2 26. Bxe2 Rxe2 27. Qxe2 dxe2 28. Re1 Qd2 29. Rbb1 Bxb1 0-1

[Event "Titled Tuesday intern op 17th Nov"]
[Site "Chess.com INT"]
[Date "2020.11.17"]
[Round "7"]
[White "Tikhonov, Viacheslav"]
[Black "Haddouche, Mohamed Amine"]
[Result "1-0"]
[WhiteElo "2200"]
[BlackElo "2483"]
[PlyCount "89"]
[EventDate "2020.11.17"]
[EventType "swiss (blitz)"]
[EventRounds "11"]
[EventCountry "USA"]
[SourceTitle "CBM 199 Extra"]
[Source "ChessBase"]
[SourceDate "2021.01.31"]
[SourceVersion "1"]
[SourceVersionDate "2021.01.31"]
[SourceQuality "1"]

1. d4 Nf6 2. c4 d6 3. Nc3 g6 4. e4 Bg7 5. h3 0-0 6. Be3 c6 7. g4 e5 8. d5 Na6 9. Nge2 h5 10. f3 hxg4 11. hxg4 Nh7 12. Qd2 Bf6 13. Nc1 Ng5 14. Bxg5 Bxg5 15. Qh2 Kg7 16. Qh7+ Kf6 17. Nd3 Nc5 18. Nxc5 dxc5 19. Rd1 Qb6 20. dxc6 bxc6 21. Rd6+ Be6 22. Nd5+ cxd5 23. Rxb6 axb6 24. cxd5 Bd7 25. a3 b5 26. Bd3 b4 27. axb4 cxb4 28. Ke2 b3 29. Qh2 Rfc8 30. Qf2 Ra2 31. Qb6+ Kg7 32. Qxb3 Raa8 33. Kf2 Rab8 34. Qa3 Bf4 35. Ra1 Rb7 36. b4 Rcb8 37. b5 Bxb5 38. Rb1 Bxd3 39. Rxb7 Rxb7 40. Qxd3 Rb2+ 41. Ke1 Rb4 42. d6 Rd4 43. Qa6 Kf6 44. Qc6 g5 45. Qc7 1-0